000 00853cam a22002777a 4500
003 CHAP
005 20220329142628.0
008 010926d2000 mx r 00110 spa d
010 _a85865
011 _a86837
020 _a9688057452
035 _a97377
040 _cCHAP
082 0 4 _a341.481
_bH4
100 0 0 _aHerrendorf, Daniel E.
_ecoord.
_954820
245 1 0 _aClásicos universales de los derechos humanos
_c/comp. por Daniel E. Herrendorf
260 _aMéxico, D.F. :
_bComisión Nacional de Derechos Humanos,
_c1992.
300 _a303 p.
590 _aBATCH-UPD
_b10
_c20130110
_lUCH01
_h1717
590 _aCONVERSION
_b10
_c20130109
_lUCH01
_h1348
650 1 4 _aDerechos humanos.
_931916
901 _aBK
905 _aAlejandra Carrasco M.
942 _cLIBRO
949 _a341.481 H4
_bBC
_cLIBRO
_d33724000867016
_eLIBRO
_h102661
_i97377
_si
999 _c85865
_d85865